[Event "Toronto Closed"]
[Site "Toronto CAN"]
[Date "2003.03.11"]
[Round "6"]
[White "Lavin, David"]
[Black "Haziprodromu, Sam"]
[Result "1-0"]
[WhiteElo "2155"]
[BlackElo "1959"]
[PlyCount "61"]
[EventDate "2003.02.18"]
[EventType "tourn"]
[EventRounds "11"]
[EventCountry "CAN"]

1. Nf3 Nf6 2. g3 g6 3. Bg2 Bg7 4. O-O O-O 5. d4 d6 6. c4 Nbd7 7. Nc3 c6 8. e4
Qc7 9. h3 Re8 10. Bg5 e5 11. Qd2 exd4 12. Nxd4 Nc5 13. Rfe1 a5 14. Rad1 Nfd7
15. Be3 Ne5 16. Qe2 a4 17. f4 Ned7 18. Qc2 Qa5 19. Nde2 Qb4 20. Rxd6 Qxc4 21.
e5 Ne6 22. Bf2 Ndc5 23. Red1 Qb4 24. Nd4 Qa5 25. Nf3 Bd7 26. Nd2 Qc7 27. Nc4
Rad8 28. Ne4 Nxe4 29. Bb6 Nxg3 30. Bxc7 Nxc7 31. Nb6 1-0

[Event "Toronto Closed"]
[Site "Toronto CAN"]
[Date "2003.03.11"]
[Round "6"]
[White "Lawless, David"]
[Black "Henry, Liam"]
[Result "1/2-1/2"]
[WhiteElo "2084"]
[BlackElo "1964"]
[PlyCount "89"]
[EventDate "2003.02.18"]
[EventType "tourn"]
[EventRounds "11"]
[EventCountry "CAN"]

1. d4 Nf6 2. c4 g6 3. Nc3 Bg7 4. e4 d6 5. Nf3 O-O 6. Be2 e5 7. d5 a5 8. Bg5 h6
9. Bh4 g5 10. Bg3 Na6 11. Nd2 Nxe4 12. Ndxe4 f5 13. Bh5 fxe4 14. Nxe4 Bf5 15.
Qe2 Bxe4 16. Qxe4 Nc5 17. Qc2 e4 18. O-O Qf6 19. Rab1 Qd4 20. b3 Nd3 21. Rbd1
Qc5 22. Qe2 Nf4 23. Bxf4 Rxf4 24. g3 Rff8 25. Qxe4 a4 26. Rd3 axb3 27. axb3 Ra2
28. Rf3 Rxf3 29. Bxf3 Ra1 30. Qe6+ Kh8 31. Be4 Qd4 32. Kg2 Qe5 33. Qg6 Kg8 34.
f4 Ra2+ 35. Kh3 Qf6 36. Qh7+ Kf8 37. Rf3 g4+ 38. Kxg4 Rxh2 39. Rf1 h5+ 40. Kf3
Qc3+ 41. Bd3 Rd2 42. Qf5+ Bf6 43. Qc8+ Kf7 44. Qd7+ Kf8 45. Qc8+ 1/2-1/2

[Event "Toronto Closed"]
[Site "Toronto CAN"]
[Date "2003.03.11"]
[Round "6"]
[White "Shah, Omar"]
[Black "Prpic, Goran"]
[Result "0-1"]
[WhiteElo "1996"]
[BlackElo "2140"]
[PlyCount "158"]
[EventDate "2003.02.18"]
[EventType "tourn"]
[EventRounds "11"]
[EventCountry "CAN"]

1. e4 d6 2. d4 Nf6 3. Nc3 g6 4. Be3 c6 5. Bd3 Bg7 6. Nf3 O-O 7. Qd2 Bg4 8.
O-O-O b5 9. e5 dxe5 10. dxe5 Nfd7 11. Be4 Qa5 12. Kb1 Nxe5 13. Nd5 Qd8 14. Nf6+
Bxf6 15. Qxd8 Bxf3 16. Qxf8+ Kxf8 17. Rd8+ Kg7 18. gxf3 e6 19. Rhd1 Bxd8 20.
Rxd8 Kf6 21. Bf4 g5 22. Bg3 Ned7 23. Bxc6 Nxc6 24. Rxa8 e5 25. c3 Ndb8 26. Kc2
Ke6 27. h4 h6 28. b4 Kd5 29. a4 a6 30. axb5 axb5 31. Ra1 f5 32. hxg5 hxg5 33.
Kb3 f4 34. Rg1 Ke6 35. Bh4 gxh4 36. Rh1 Nd7 37. Rxh4 Nb6 38. Rh6+ Kd5 39. Rh7
Nc4 40. Rd7+ Nd6 41. Kc2 Ke6 42. Rc7 Ne7 43. Kd3 Nef5 44. Ke2 Nc4 45. Rc6+ Nfd6
46. Rc5 e4 47. fxe4 Nxe4 48. Rxb5 Nxc3+ 49. Kf3 Nxb5 50. Kxf4 Ncd6 51. Kg4 Ke5
52. f3 Nf7 53. f4+ Kf6 54. Kf3 Kf5 55. Ke3 Nfd6 56. Kf3 Nc4 57. Kg3 Nd2 58. Kf2
Kxf4 59. Ke2 Nf3 60. Kd3 Ne5+ 61. Ke2 Ke4 62. Kf2 Nc4 63. Kg3 Kf5 64. Kh4 Ne5
65. Kg3 Ke4 66. Kf2 Kd3 67. Kg2 Ke2 68. Kg3 Ke3 69. Kg2 Ng4 70. Kg3 Nf6 71. Kg2
Ne4 72. Kh3 Kf4 73. Kg2 Kg4 74. Kh2 Nf2 75. Kg2 Nh3 76. Kh1 Kf3 77. Kh2 Nf4 78.
Kh1 Kf2 79. Kh2 Nd4 0-1

[Event "Toronto Closed"]
[Site "Toronto CAN"]
[Date "2003.03.18"]
[Round "7"]
[White "Haziprodromu, Sam"]
[Black "Shah, Omar"]
[Result "1-0"]
[WhiteElo "1959"]
[BlackElo "1996"]
[PlyCount "39"]
[EventDate "2003.02.18"]
[EventType "tourn"]
[EventRounds "11"]
[EventCountry "CAN"]

1. e4 c5 2. d4 cxd4 3. c3 dxc3 4. Nxc3 a6 5. Nf3 e6 6. Bc4 Qc7 7. Bb3 Bc5 8.
Bg5 b5 9. O-O Nc6 10. Rc1 Ba7 11. Qd2 Qa5 12. Rfd1 h6 13. Bh4 g5 14. Bg3 Nge7
15. Qe2 Bb7 16. Nd5 Nxd5 17. exd5 Nd8 18. Qe5 Rf8 19. Qf6 Qb6 20. d6 1-0

[Event "Toronto Closed"]
[Site "Toronto CAN"]
[Date "2003.03.26"]
[Round "7"]
[White "Henry, Liam"]
[Black "Henderson, Fred"]
[Result "1/2-1/2"]
[WhiteElo "1964"]
[BlackElo "1950"]
[PlyCount "107"]
[EventDate "2003.02.18"]
[EventType "tourn"]
[EventRounds "11"]
[EventCountry "CAN"]

1. e4 c5 2. Nf3 d6 3. d4 cxd4 4. Nxd4 Nf6 5. Nc3 Nc6 6. Bc4 e6 7. Bb3 Be7 8.
O-O O-O 9. Be3 a6 10. f4 Nxd4 11. Bxd4 b5 12. e5 dxe5 13. fxe5 Nd7 14. Ne4 Bb7
15. Nd6 Bxd6 16. exd6 Qg5 17. Qe2 e5 18. Be3 Qg6 19. Rad1 Kh8 20. c3 Be4 21.
Bd5 Rac8 22. Bxe4 Qxe4 23. Qd3 Qc4 24. Qf5 Rcd8 25. Rf3 f6 26. Rh3 Qg8 27. a4
g6 28. Qd3 bxa4 29. Ra1 f5 30. Rxa4 Qb3 31. Rah4 Nf6 32. Bg5 Rd7 33. Rb4 Qe6
34. Rb6 Ne4 35. Be3 Rfd8 36. Rxa6 Rxd6 37. Rxd6 Rxd6 38. Qc2 Qd7 39. Rf3 Rd1+
40. Rf1 Rd3 41. Bd4 Rxd4 42. cxd4 Qxd4+ 43. Kh1 f4 44. Qe2 g5 45. Qc2 Kg7 46.
b4 g4 47. b5 g3 48. Qc7+ Kh6 49. Qc6+ Kg5 50. h4+ Kxh4 51. Qh6+ Kg4 52. Qe6+
Kh4 53. Qe7+ Kg4 54. Qe6+ 1/2-1/2

[Event "Toronto Closed"]
[Site "Toronto CAN"]
[Date "2003.03.14"]
[Round "7"]
[White "Prpic, Goran"]
[Black "Lawless, David"]
[Result "1-0"]
[WhiteElo "2140"]
[BlackElo "2084"]
[PlyCount "67"]
[EventDate "2003.02.18"]
[EventType "tourn"]
[EventRounds "11"]
[EventCountry "CAN"]

1. f4 Nf6 2. Nf3 c5 3. g3 d5 4. Bg2 e6 5. O-O Be7 6. d3 Nc6 7. Qe1 Nd4 8. Na3
Nxf3+ 9. Bxf3 d4 10. e4 dxe3 11. Bxe3 Nd5 12. Bf2 a6 13. Nc4 O-O 14. Qe2 Qc7
15. a4 b6 16. a5 Ra7 17. Bxd5 exd5 18. axb6 Qc6 19. bxa7 dxc4 20. Qxe7 Bb7 21.
Qe4 Qd7 22. Qxc4 Qh3 23. Qe4 Bxe4 24. dxe4 Qc8 25. Ra5 Qb7 26. Bxc5 Re8 27.
Rfa1 Re6 28. e5 Rc6 29. b4 h6 30. c3 f6 31. exf6 gxf6 32. f5 Qc8 33. Bd4 Kf7
34. b5 1-0

[Event "Toronto Closed"]
[Site "Toronto CAN"]
[Date "2003.03.14"]
[Round "7"]
[White "Tang, Charlie"]
[Black "Southam, David"]
[Result "1-0"]
[WhiteElo "2240"]
[BlackElo "2202"]
[PlyCount "129"]
[EventDate "2003.02.18"]
[EventType "tourn"]
[EventRounds "11"]
[EventCountry "CAN"]

1. d4 Nf6 2. c4 c5 3. d5 Ne4 4. f3 Qa5+ 5. Nd2 Nd6 6. e4 g6 7. Bd3 b5 8. Kf2
Bg7 9. Nb3 Qc7 10. Qc2 bxc4 11. Bxc4 Nxc4 12. Qxc4 d6 13. Qc2 O-O 14. Be3 f5
15. exf5 Bxf5 16. Qd2 Nd7 17. Bh6 Ne5 18. Bxg7 Kxg7 19. Ne2 Rf6 20. Rhd1 Raf8
21. Qc3 Qb6 22. Kg3 Bc8 23. Qe3 R8f7 24. Nc3 Bf5 25. Rac1 Qb4 26. h3 g5 27. Ne4
Bxe4 28. fxe4 Rf4 29. Re1 a5 30. Rc2 h6 31. Ree2 a4 32. Nd2 Qd4 33. Nc4 a3 34.
Nxa3 Qd1 35. Qc1 Qd3+ 36. Re3 Qa6 37. Rce2 R7f6 38. b3 Rf1 39. Qb2 Nd3 40. Qd2
Nf4 41. Nc4 Nxe2+ 42. Qxe2 R6f2 43. Qxf2 Rxf2 44. Kxf2 Qxa2+ 45. Kf3 Qa8 46.
Kg3 Qb8 47. Rf3 Qb4 48. Kf2 h5 49. Re3 Kf6 50. Rf3+ Kg7 51. Re3 Qb7 52. Rf3 Qa8
53. Ne3 Qa2+ 54. Kg3 Qa7 55. Rf5 Kg6 56. h4 gxh4+ 57. Kxh4 e6 58. Rg5+ Kf6 59.
Rxh5 c4 60. Ng4+ Kg7 61. bxc4 Qg1 62. Rg5+ Kf8 63. Rg6 Qe1+ 64. Kg5 exd5 65.
Rf6+ 1-0

[Event "Toronto Closed"]
[Site "Toronto CAN"]
[Date "2003.03.18"]
[Round "8"]
[White "Barron, Michael"]
[Black "Henry, Liam"]
[Result "1-0"]
[WhiteElo "2370"]
[BlackElo "1964"]
[PlyCount "41"]
[EventDate "2003.02.18"]
[EventType "tourn"]
[EventRounds "11"]
[EventCountry "CAN"]

1. e4 c5 2. Nf3 d6 3. d4 cxd4 4. Nxd4 Nf6 5. Nc3 a6 6. Be2 e5 7. Nb3 Be7 8. O-O
O-O 9. a4 Be6 10. f4 Qc7 11. f5 Bc4 12. a5 Nbd7 13. g4 Qc6 14. Bxc4 Qxc4 15.
Ra4 Qc6 16. g5 Ne8 17. Qh5 Nc7 18. Rf3 Rfc8 19. g6 fxg6 20. fxg6 hxg6 21. Qxg6
1-0

[Event "Toronto Closed"]
[Site "Toronto CAN"]
[Date "2003.03.23"]
[Round "8"]
[White "Henderson, Fred"]
[Black "Prpic, Goran"]
[Result "0-1"]
[WhiteElo "1950"]
[BlackElo "2140"]
[PlyCount "102"]
[EventDate "2003.02.18"]
[EventType "tourn"]
[EventRounds "11"]
[EventCountry "CAN"]

1. d4 f5 2. Nf3 Nf6 3. g3 e6 4. Bg2 d5 5. O-O Bd6 6. c4 c6 7. b3 Qe7 8. Bb2 O-O
9. Qc1 Nbd7 10. Ba3 Bxa3 11. Qxa3 Qxa3 12. Nxa3 a5 13. Rfc1 Re8 14. Nc2 dxc4
15. bxc4 e5 16. Nxe5 Nxe5 17. dxe5 Rxe5 18. e3 Nd7 19. Nd4 g6 20. Rd1 a4 21.
Rab1 Kf7 22. Nf3 Re7 23. Nd4 Nc5 24. Kf1 Bd7 25. Rdc1 Be8 26. Rd1 Kf6 27. Kg1
g5 28. Bf3 Bg6 29. Rbc1 Ra6 30. Bg2 Rb6 31. Ne2 Rb2 32. Nc3 Rb4 33. Bf1 Bf7 34.
Rb1 Rxb1 35. Nxb1 f4 36. exf4 gxf4 37. f3 Bg6 38. Kf2 Bc2 39. Rc1 Bd3 40. gxf4
Kf5 41. Nc3 Bxf1 42. Rxf1 Nd3+ 43. Kg3 Rg7+ 44. Kh4 Rg2 45. Nxa4 Kxf4 46. h3
Ne5 47. Nc5 Rg6 48. Kh5 Nf7 49. Nd3+ Ke3 50. Nc5 Rg5+ 51. Kh4 Rxc5 0-1

[Event "Toronto Closed"]
[Site "Toronto CAN"]
[Date "2003.03.18"]
[Round "8"]
[White "Lavin, David"]
[Black "Tang, Charlie"]
[Result "1-0"]
[WhiteElo "2155"]
[BlackElo "2240"]
[PlyCount "95"]
[EventDate "2003.02.18"]
[EventType "tourn"]
[EventRounds "11"]
[EventCountry "CAN"]

1. d4 Nf6 2. c4 c5 3. e3 cxd4 4. exd4 d5 5. Nc3 g6 6. Nf3 Bg7 7. cxd5 Nxd5 8.
Bc4 Nb6 9. Bb3 O-O 10. O-O Nc6 11. d5 Na5 12. Re1 Bg4 13. h3 Nxb3 14. axb3 Bf5
15. Bg5 Re8 16. Qd2 a6 17. Rad1 Qd7 18. Bh6 Bf6 19. Be3 Qd6 20. g4 Bc8 21. Ne4
Qd8 22. Nxf6+ exf6 23. Bxb6 Rxe1+ 24. Rxe1 Qxb6 25. Re8+ Kg7 26. Qc3 Qb5 27.
Rxc8 Rxc8 28. Qxc8 Qxd5 29. Qc3 h6 30. b4 b6 31. Kg2 a5 32. bxa5 bxa5 33. Qd4
Qb3 34. Nd2 Qd1 35. Qc3 Qa4 36. f3 Qd1 37. Kf2 Qh1 38. Ne4 Qh2+ 39. Ke3 Qg1+
40. Kd2 Qh2+ 41. Kd3 Qf4 42. Kc4 a4 43. Kb4 g5 44. Kxa4 h5 45. gxh5 g4 46. hxg4
Kh7 47. Qxf6 Qc7 48. Qxf7+ 1-0

[Event "Toronto Closed"]
[Site "Toronto CAN"]
[Date "2003.03.29"]
[Round "8"]
[White "Lawless, David"]
[Black "Haziprodromu, Sam"]
[Result "1-0"]
[WhiteElo "2084"]
[BlackElo "1959"]
[PlyCount "89"]
[EventDate "2003.02.18"]
[EventType "tourn"]
[EventRounds "11"]
[EventCountry "CAN"]

1. e4 e5 2. f4 d5 3. exd5 e4 4. d3 Nf6 5. dxe4 Nxe4 6. Nf3 Bc5 7. Qe2 O-O 8.
Qxe4 Re8 9. Ne5 Nd7 10. Bd3 g6 11. Nc3 f6 12. Bd2 Nxe5 13. O-O-O Bf5 14. fxe5
Bxe4 15. Nxe4 Be7 16. d6 cxd6 17. exd6 Bf8 18. Nxf6+ Qxf6 19. Bc4+ Kh8 20. Bc3
Qxc3 21. bxc3 Rad8 22. Bf7 Re3 23. Rd3 Re2 24. d7 b6 25. g4 Kg7 26. Be8 Ba3+
27. Kd1 Rf2 28. h3 Bc5 29. Re1 Rf4 30. Kd2 Kf6 31. Rd5 Rf2+ 32. Re2 Rf4 33. g5+
Kg7 34. Rxc5 bxc5 35. Re5 c4 36. Ke3 Rh4 37. Re7+ Kf8 38. Rf7+ Kg8 39. Rf3 Kg7
40. a3 Rh5 41. Kf4 Rh4+ 42. Ke5 a5 43. a4 Kg8 44. Bf7+ Kg7 45. Be6 1-0

[Event "Toronto Closed"]
[Site "Toronto CAN"]
[Date "2003.03.21"]
[Round "9"]
[White "Haziprodromu, Sam"]
[Black "Henderson, Fred"]
[Result "1/2-1/2"]
[WhiteElo "1959"]
[BlackElo "1950"]
[PlyCount "94"]
[EventDate "2003.02.18"]
[EventType "tourn"]
[EventRounds "11"]
[EventCountry "CAN"]

1. e4 c5 2. d4 cxd4 3. c3 d5 4. exd5 Qxd5 5. cxd4 Nc6 6. Nf3 e5 7. Nc3 Bb4 8.
Bd2 Bxc3 9. bxc3 e4 10. c4 Qh5 11. d5 exf3 12. dxc6 Qe5+ 13. Be3 bxc6 14. Rc1
Qa5+ 15. Bd2 Qe5+ 16. Be3 fxg2 17. Bxg2 Ne7 18. O-O O-O 19. Re1 Be6 20. Bxa7
Qa5 21. Be3 Qxa2 22. Qd6 Nf5 23. Qxc6 Nxe3 24. Rxe3 Rac8 25. Qd6 Rxc4 26. Rce1
Rc2 27. Qf4 Qc4 28. Re4 Qc7 29. Qe3 Rc3 30. Qg5 h6 31. Qh5 Rc1 32. R4e3 Rc8 33.
Bh3 Bxh3 34. Qxh3 Qf4 35. Kg2 Qg5+ 36. Qg3 Qxg3+ 37. hxg3 Rxe1 38. Rxe1 h5 39.
Re7 g6 40. Ra7 Kg7 41. f4 Re8 42. Kh3 Kf6 43. Kh4 Re7 44. Ra6+ Re6 45. Ra7 Re1
46. Ra6+ Kf5 47. Ra5+ Kf6 1/2-1/2

[Event "Toronto Closed"]
[Site "Toronto CAN"]
[Date "2003.03.21"]
[Round "9"]
[White "Prpic, Goran"]
[Black "Barron, Michael"]
[Result "1/2-1/2"]
[WhiteElo "2140"]
[BlackElo "2370"]
[PlyCount "124"]
[EventDate "2003.02.18"]
[EventType "tourn"]
[EventRounds "11"]
[EventCountry "CAN"]

1. d4 f5 2. Nc3 Nf6 3. Bg5 g6 4. Bxf6 exf6 5. e3 d5 6. Bd3 Be6 7. Qf3 c6 8.
Nge2 Nd7 9. Nf4 Bf7 10. h3 h5 11. O-O-O Bb4 12. g4 Qa5 13. gxf5 g5 14. Nfe2 h4
15. e4 O-O-O 16. exd5 cxd5 17. a3 Bxc3 18. Nxc3 Bh5 19. Qxd5 Qxd5 20. Nxd5 Bf3
21. Ne3 Nb6 22. c3 Nd5 23. Nxd5 Rxd5 24. Rhg1 g4 25. Rxg4 Bxg4 26. hxg4 Rd7 27.
Rh1 h3 28. Rh2 Rh4 29. f3 Re7 30. Kd2 Rh8 31. Bc4 Kc7 32. Be6 b5 33. Ke3 Kd6
34. Kf4 a5 35. Kg3 Reh7 36. f4 Rh4 37. b3 R4h7 38. c4 bxc4 39. bxc4 Rb7 40. c5+
Ke7 41. g5 Rb1 42. g6 Rg1+ 43. Kf2 Rg4 44. Kf3 Rhh4 45. d5 Rxf4+ 46. Ke3 Re4+
47. Kd3 Rd4+ 48. Kc3 Rc4+ 49. Kb3 a4+ 50. Kb2 Rcg4 51. d6+ Kf8 52. c6 Rg2+ 53.
Kc3 Rg3+ 54. Kc2 Rg2+ 55. Kd3 Rxh2 56. c7 Rg2 57. c8=Q+ Kg7 58. Qg8+ Kh6 59.
Qh8+ Kg5 60. g7 Rg3+ 61. Ke2 Rg2+ 62. Ke3 Rg3+ 1/2-1/2

[Event "Toronto Closed"]
[Site "Toronto CAN"]
[Date "2003.03.23"]
[Round "9"]
[White "Southam, David"]
[Black "Lavin, David"]
[Result "1/2-1/2"]
[WhiteElo "2202"]
[BlackElo "2155"]
[PlyCount "33"]
[EventDate "2003.02.18"]
[EventType "tourn"]
[EventRounds "11"]
[EventCountry "CAN"]

1. d4 d5 2. c4 dxc4 3. e4 c5 4. Nf3 cxd4 5. Qxd4 Qxd4 6. Nxd4 a6 7. Bxc4 e6 8.
Be3 Ne7 9. Nc3 Nec6 10. Nxc6 Nxc6 11. Bb6 Be7 12. O-O Ne5 13. Be2 Nd7 14. Bc7
b5 15. Rfd1 Bb7 16. f3 Rc8 17. Bf4 1/2-1/2

[Event "Toronto Closed"]
[Site "Toronto CAN"]
[Date "2003.03.21"]
[Round "9"]
[White "Tang, Charlie"]
[Black "Shah, Omar"]
[Result "1-0"]
[WhiteElo "2240"]
[BlackElo "1996"]
[PlyCount "75"]
[EventDate "2003.02.18"]
[EventType "tourn"]
[EventRounds "11"]
[EventCountry "CAN"]

1. d4 e6 2. c4 b6 3. Nc3 Bb7 4. Nf3 Bb4 5. g3 Nf6 6. Bg2 O-O 7. O-O Bxc3 8.
bxc3 Ne4 9. Qc2 f5 10. Ba3 d6 11. Nd2 Nxd2 12. Bxb7 Nxf1 13. Bxa8 Nxh2 14. Kxh2
h5 15. Bf3 h4 16. Kg2 g5 17. Rh1 Qf6 18. e3 g4 19. Be2 h3+ 20. Kh2 c5 21. f3
Qf7 22. fxg4 Qb7 23. d5 exd5 24. Bf3 Qg7 25. Bxd5+ Kh8 26. Kxh3 Qxg4+ 27. Kg2+
Kg7 28. Qd1 Nd7 29. Qxg4+ fxg4 30. Rf1 Rxf1 31. Kxf1 Kf6 32. e4 Ne5 33. Bc1 Ke7
34. Bg5+ Kd7 35. Ke2 Nf3 36. Bf6 Ne5 37. Bxe5 dxe5 38. Kd2 1-0

[Event "Toronto Closed"]
[Site "Toronto CAN"]
[Date "2003.03.25"]
[Round "10"]
[White "Barron, Michael"]
[Black "Haziprodromu, Sam"]
[Result "1/2-1/2"]
[WhiteElo "2370"]
[BlackElo "1959"]
[PlyCount "67"]
[EventDate "2003.02.18"]
[EventType "tourn"]
[EventRounds "11"]
[EventCountry "CAN"]

1. e4 e5 2. Nf3 Nc6 3. Bb5 a6 4. Ba4 Nf6 5. O-O b5 6. Bb3 Bb7 7. Ng5 d5 8. exd5
Nd4 9. Re1 Bd6 10. f4 O-O 11. fxe5 Bc5 12. Kh1 Nxb3 13. axb3 Qxd5 14. Qf3 Rae8
15. Qxd5 Nxd5 16. Nf3 Nb4 17. Na3 Bxf3 18. gxf3 f6 19. e6 f5 20. d3 Rf6 21. Bd2
Rfxe6 22. Rxe6 Rxe6 23. Re1 Kf7 24. d4 Bd6 25. Rxe6 Kxe6 26. c4 Nd3 27. cxb5
axb5 28. Nxb5 Nxb2 29. Bc3 Nd3 30. Kg2 Nf4+ 31. Kf2 Nd5 32. Nxd6 Kxd6 33. Bd2
Kc6 34. Ke2 1/2-1/2

[Event "Toronto Closed"]
[Site "Toronto CAN"]
[Date "2003.03.05"]
[Round "10"]
[White "Henry, Liam"]
[Black "Prpic, Goran"]
[Result "0-1"]
[WhiteElo "1964"]
[BlackElo "2140"]
[PlyCount "96"]
[EventDate "2003.02.18"]
[EventType "tourn"]
[EventRounds "11"]
[EventCountry "CAN"]

1. e4 e5 2. Nf3 Nc6 3. Bb5 Bc5 4. O-O Nf6 5. Re1 Ng4 6. Re2 Nd4 7. Nxd4 Bxd4 8.
h3 Nxf2 9. Rxf2 O-O 10. Bc4 Bxf2+ 11. Kxf2 Qh4+ 12. Kg1 Qxe4 13. d3 Qd4+ 14.
Kh2 d5 15. Bb3 c6 16. Nc3 Qh4 17. Qf3 Bd7 18. Bd2 Rae8 19. Re1 Kh8 20. Re2 f5
21. Be1 Qh6 22. Bg3 f4 23. Bf2 g5 24. Kg1 Rg8 25. g4 b6 26. a4 Qd6 27. a5 Qc7
28. axb6 axb6 29. Na4 b5 30. Nc5 Bc8 31. c4 bxc4 32. dxc4 d4 33. Qe4 h5 34.
gxh5 g4 35. h6 f3 36. Re1 g3 37. Bxd4 f2+ 38. Bxf2 gxf2+ 39. Kxf2 Ref8+ 40. Ke2
Bxh3 41. Nd3 Re8 42. Qh4 e4 43. Nf4 Bg4+ 44. Ke3 Ref8 45. Rf1 Qb6+ 46. Kd2 e3+
47. Kc1 Bf5 48. Bc2 e2 0-1

[Event "Toronto Closed"]
[Site "Toronto CAN"]
[Date "2003.03.25"]
[Round "10"]
[White "Lawless, David"]
[Black "Tang, Charlie"]
[Result "0-1"]
[WhiteElo "2084"]
[BlackElo "2240"]
[PlyCount "86"]
[EventDate "2003.02.18"]
[EventType "tourn"]
[EventRounds "11"]
[EventCountry "CAN"]

1. e4 c5 2. Nf3 d6 3. d4 cxd4 4. Nxd4 Nf6 5. Nc3 g6 6. Be3 Bg7 7. f3 O-O 8. Qd2
Nc6 9. Bc4 Bd7 10. O-O-O Qa5 11. Bb3 Rfc8 12. h4 Ne5 13. g4 Rc4 14. h5 Rxd4 15.
Bxd4 Nxf3 16. Qf2 Nxd4 17. Rxd4 Qg5+ 18. Kb1 Bxg4 19. hxg6 Qxg6 20. Rb4 b6 21.
a4 e6 22. a5 Nd7 23. axb6 Nxb6 24. Na4 Nxa4 25. Bxa4 h5 26. Qd2 Rd8 27. Qe3 a5
28. Rb6 Qf6 29. Qd2 Qd4 30. Qxa5 Qxe4 31. Re1 Qf3 32. Bb5 Qd5 33. Ra6 Rb8 34.
Rb6 Rxb6 35. Qxb6 Bd4 36. Qb8+ Kg7 37. Be8 Bf5 38. Qc7 Bg6 39. Rf1 e5 40. Ba4
Qc5 41. Qe7 Qb4 42. Qf6+ Kh7 43. Bb3 Qxb3 0-1

[Event "Toronto Closed"]
[Site "Toronto CAN"]
[Date "2003.03.25"]
[Round "10"]
[White "Shah, Omar"]
[Black "Southam, David"]
[Result "0-1"]
[WhiteElo "1996"]
[BlackElo "2202"]
[PlyCount "64"]
[EventDate "2003.02.18"]
[EventType "tourn"]
[EventRounds "11"]
[EventCountry "CAN"]

1. e4 c6 2. d4 d5 3. e5 Bf5 4. Nc3 Qb6 5. Nge2 e6 6. Ng3 Bg6 7. h4 h6 8. h5 Bh7
9. Qg4 Bxc2 10. Be2 Nd7 11. O-O O-O-O 12. Nd1 Kb8 13. Ne3 Bh7 14. Rd1 Ka8 15.
Bd3 Bxd3 16. Rxd3 c5 17. Rb3 Qc7 18. Qf4 f6 19. Ng4 f5 20. Nxf5 exf5 21. Qxf5
c4 22. Rb5 a6 23. a4 axb5 24. axb5+ Kb8 25. Bf4 Nb6 26. Qb1 Ne7 27. Qa2 Nec8
28. Bg3 Bb4 29. e6 Bd6 30. Ne5 Rhe8 31. Nd7+ Rxd7 32. exd7 Qxd7 0-1

[Event "Toronto Closed"]
[Site "Toronto CAN"]
[Date "2003.03.28"]
[Round "11"]
[White "Haziprodromu, Sam"]
[Black "Henry, Liam"]
[Result "1-0"]
[WhiteElo "1959"]
[BlackElo "1964"]
[PlyCount "45"]
[EventDate "2003.02.18"]
[EventType "tourn"]
[EventRounds "11"]
[EventCountry "CAN"]

1. e4 c5 2. d4 cxd4 3. c3 dxc3 4. Nxc3 d6 5. Bc4 e6 6. Nf3 a6 7. O-O b5 8. Bb3
Ra7 9. Ng5 Nf6 10. Be3 Rd7 11. f4 h6 12. Rc1 Bb7 13. f5 exf5 14. Nxf7 Rxf7 15.
Bxf7+ Kxf7 16. Rxf5 Be7 17. Nd5 Bxd5 18. Qxd5+ Kg6 19. Qb7 Re8 20. h3 Bf8 21.
Rf4 d5 22. Bd4 Bd6 23. Bxf6 1-0

[Event "Toronto Closed"]
[Site "Toronto CAN"]
[Date "2003.03.28"]
[Round "11"]
[White "Lavin, David"]
[Black "Shah, Omar"]
[Result "1-0"]
[WhiteElo "2155"]
[BlackElo "1996"]
[PlyCount "45"]
[EventDate "2003.02.18"]
[EventType "tourn"]
[EventRounds "11"]
[EventCountry "CAN"]

1. d4 e6 2. c4 b6 3. Nc3 Bb7 4. a3 Nf6 5. d5 Be7 6. e4 O-O 7. Bd3 exd5 8. exd5
Re8 9. Nge2 Bd6 10. Bg5 a5 11. Bc2 Re5 12. Bf4 Qe7 13. Bxe5 Bxe5 14. O-O Bxh2+
15. Kxh2 Ng4+ 16. Kg3 h5 17. Qd3 g6 18. f3 Qe5+ 19. f4 Qe7 20. Nd4 d6 21. Rfe1
h4+ 22. Kxg4 Bc8+ 23. Kf3 1-0

[Event "Toronto Closed"]
[Site "Toronto CAN"]
[Date "2003.03.28"]
[Round "11"]
[White "Southam, David"]
[Black "Lawless, David"]
[Result "1-0"]
[WhiteElo "2202"]
[BlackElo "2084"]
[PlyCount "47"]
[EventDate "2003.02.18"]
[EventType "tourn"]
[EventRounds "11"]
[EventCountry "CAN"]

1. d4 Nf6 2. c4 g6 3. Nc3 Bg7 4. e4 d6 5. Nf3 O-O 6. Be2 e5 7. Be3 Ng4 8. Bg5
f6 9. Bc1 Nc6 10. d5 Ne7 11. Nd2 Nh6 12. b4 f5 13. f3 g5 14. exf5 e4 15. Ndxe4
Nexf5 16. O-O a5 17. Bxg5 Qe8 18. g4 axb4 19. gxf5 bxc3 20. f6 Bxf6 21. Bxf6
Qg6+ 22. Kh1 Rxf6 23. Rg1 Ng4 24. Nxf6+ 1-0

[Event "Toronto Closed"]
[Site "Toronto CAN"]
[Date "2003.03.28"]
[Round "11"]
[White "Tang, Charlie"]
[Black "Henderson, Fred"]
[Result "0-1"]
[WhiteElo "2240"]
[BlackElo "1950"]
[PlyCount "86"]
[EventDate "2003.02.18"]
[EventType "tourn"]
[EventRounds "11"]
[EventCountry "CAN"]

1. d4 Nf6 2. c4 g6 3. Nc3 Bg7 4. e4 d6 5. Nge2 O-O 6. Ng3 c5 7. d5 e6 8. Bd3
exd5 9. cxd5 Nbd7 10. O-O a6 11. a4 Ne5 12. Bc2 Rb8 13. Rb1 b5 14. b4 cxb4 15.
Rxb4 Qa5 16. Na2 Bg4 17. f3 Bd7 18. Bd2 Qb6+ 19. Kh1 a5 20. Rb1 b4 21. Bb3 Bc8
22. f4 Nd3 23. Qf3 Ba6 24. Be3 Qc7 25. Rfd1 Nd7 26. Ne2 N7c5 27. Nac1 Rfe8 28.
Bd4 Bxd4 29. Nxd4 Qb6 30. Nxd3 Nxe4 31. Nc6 Bxd3 32. Rb2 Nc3 33. Qxd3 Re3 34.
Qd2 Nxd1 35. Bxd1 Rbe8 36. g3 Re1+ 37. Kg2 Qg1+ 38. Kh3 Rxd1 39. Qc2 Qf1+ 40.
Kh4 Qf3 41. g4 Rg1 42. h3 Qg3+ 43. Kg5 h6+ 0-1

[Event "Toronto Closed reserves"]
[Site "Toronto CAN"]
[Date "2003.03.05"]
[Round "1"]
[White "Gebhardt, David"]
[Black "Johnson, Wylie"]
[Result "1-0"]
[WhiteElo "1783"]
[BlackElo "1708"]
[PlyCount "135"]
[EventDate "2003.02.18"]
[EventType "tourn"]
[EventRounds "7"]
[EventCountry "CAN"]

1. e4 e5 2. Nf3 Nc6 3. Nc3 Nf6 4. d4 d6 5. dxe5 dxe5 6. Qxd8+ Kxd8 7. Bc4 Ke7
8. Bg5 Be6 9. Nd5+ Bxd5 10. exd5 Nd4 11. Nxd4 exd4 12. O-O-O Kd7 13. Rxd4 Bc5
14. Bb5+ Kc8 15. Bxf6 gxf6 16. Rf4 a6 17. Bd3 Be7 18. Re1 Kd8 19. Kb1 h5 20.
Rfe4 Bd6 21. Be2 Kd7 22. Bf3 Be5 23. Rh4 Kd6 24. Bxh5 Rh7 25. c3 f5 26. Rh3 f4
27. g3 Rah8 28. g4 f6 29. Rd3 a5 30. h3 Re7 31. Bg6 b6 32. Rh1 Rh4 33. f3 Rg7
34. Bf5 Re7 35. Rd2 Rg7 36. Kc2 Re7 37. Kd3 c5 38. Kc4 Rb7 39. Kb5 Rb8 40. Ka6
Rhh8 41. Kb5 Rh4 42. Bg6 Rh6 43. Bh5 Kc7 44. Re1 Kd6 45. Rh1 Kc7 46. Bf7 Rbh8
47. Rdh2 R6h7 48. Bh5 Rh6 49. h4 Kb7 50. Bf7 R6h7 51. Bg6 Rh6 52. h5 Ra8 53. a4
Rd8 54. Be4 Bd6 55. Rd2 Re8 56. Rdd1 Re5 57. Rhe1 Rg5 58. Bf5 Rg7 59. Re6 Kc7
60. Rde1 Rf7 61. Re8 Rf8 62. Rxf8 Bxf8 63. Re8 Bd6 64. Rc8+ Kb7 65. Rc6 Bc7 66.
d6 Bd8 67. Rc8 Rh8 68. d7 1-0

[Event "Toronto Closed reserves"]
[Site "Toronto CAN"]
[Date "2003.02.21"]
[Round "1"]
[White "McNeil, Hugh"]
[Black "Bergeron, Florian"]
[Result "0-1"]
[WhiteElo "1857"]
[BlackElo "1866"]
[PlyCount "58"]
[EventDate "2003.02.18"]
[EventType "tourn"]
[EventRounds "7"]
[EventCountry "CAN"]

1. e4 Nf6 2. Nc3 d5 3. e5 Nfd7 4. d4 e6 5. f4 c5 6. Be3 Nc6 7. Nf3 cxd4 8. Bxd4
Nxd4 9. Qxd4 Bc5 10. Qd2 O-O 11. Na4 Be7 12. Bd3 a6 13. h4 b5 14. Nc3 Nc5 15.
Qe2 Bb7 16. Bxh7+ Kxh7 17. Ng5+ Kh6 18. Nd1 Qa5+ 19. c3 b4 20. Ne3 g6 21. h5
Kg7 22. hxg6 Rh8 23. Rh7+ Rxh7 24. gxh7 Bxg5 25. fxg5 bxc3 26. Qh5 cxb2+ 27.
Ke2 Qb5+ 28. Kf3 d4+ 29. Kg3 Ne4+ 0-1